| 000 | 00809nam0a22002411 4500 | ||
|---|---|---|---|
| 001 | rc\2669842 | ||
| 005 | 20250529195331.0 | ||
| 035 | _a(NLR Aleph) 006976156 | ||
| 090 |
_a5488803 _c5488803 |
||
| 100 | _a20110621d1930 |||y0rusy50 ca | ||
| 101 | 0 | _arus | |
| 102 | _aRU | ||
| 105 | _ay z ||||| | ||
| 200 | 1 | _aО работе над литомонтажем | |
| 210 |
_a[Ленинград] _cБ. и. _d[1930] |
||
| 215 | _aС. 3-60 | ||
| 300 | _aВ кн.: Весна большевистская. Л., 1930, с. 3-60 | ||
| 700 | 1 |
_7ca _8rus _aШимановский _bВ. В. _cактёр, режиссёр _f1890-1954 _gВиктор Владиславович _9176876 _3RU\NLR\AUTH\770176927 |
|
| 801 | 0 |
_aRU _bNLR _gpsbo |
|
| 801 | 1 |
_aRU _bELAR _2rusmarc |
|
| 852 |
_aNLR _j30-8/2646 |
||
| 942 | _cBOOK | ||
| 980 | _aNB | ||